Estatísticas para Cultura Geral

Clique aqui para jogar o quiz

Estatísticas Gerais

  • Esse quiz foi jogado 27 vezes
  • A pontuação média é 7 de 15

Estatísticas das Respostas

HintResposta% Correto
Em que país surgiu o reggae?Jamaica
83%
De que é feito o "chumbo" de um lápis?Grafite
75%
No que a carruagem da Cinderela se transformou à meia-noite?Abóbora
71%
Que antiga cidade tem sido um deserto nuclear desde 1945, quando os EUA lançaram uma bomba atómica sobre ela?Hiroshima
63%
Qual país tem a menor taxa de fertilidade do mundo, já que todas as mulheres que vivem lá são freiras?Vaticano
63%
Qual país tem, de longe, a maior taxa de violência armada do mundo?Estados Unidos
42%
Que forma de música espanhola costuma apresentar palmas (palmas) e pitos (estalar os dedos)?Flamenco
42%
Qual é o nome da princesa em "Aladdin"?Jasmine
42%
Que tipo de cristal é usado para marcar o tempo na maioria dos relógios modernos?Quartz
42%
Qual empresa europeia é a maior vendedora de móveis do mundo?IKEA
38%
Que tipo de animal é Sven no filme "Frozen"?Rena
38%
Qual é o título da música tema de "Friends"?I'll Be There For You
33%
Em qual concurso anual de música a maioria dos países europeus participa?Eurovisão
29%
O que a Dama e o Vagabundo estavam comendo quando acidentalmente se beijaram?Massa
25%
Que animal asiático é incorretamente chamado de urso, apesar de ser um grande membro da família dos guaxinins?Panda Gigante
0%

Distribuição das Pontuações

Percentil de Números Respondidos

Porcentagem de Pessoas com Cada Pontuação

Sua Pontuação Histórica

Você não jogou esse quiz